[Event "Dosquebrad op"]
[Site "Dosquebrad"]
[Date "2013.06.21"]
[Round "5"]
[White "Suarez, Maria Alexandra"]
[Black "Gomez Guardo, Laura Melissa"]
[Result "1-0"]
[WhiteElo "1957"]
[BlackElo "1830"]
[PlyCount "51"]
[EventDate "2013.06.19"]
[EventType "swiss"]
[EventRounds "7"]
[EventCountry "COL"]
[SourceTitle "CBM 155 Extra"]
[Source "ChessBase"]
[SourceDate "2013.08.26"]
[SourceVersion "1"]
[SourceVersionDate "2013.08.26"]
[SourceQuality "1"]

1. c4 Nf6 2. Nf3 g6 3. g3 Bg7 4. Bg2 0-0 5. 0-0 d6 6. d4 Nbd7 7. Nbd2 e5 8. e3 e4 9. Ng5 c5 10. Ngxe4 Nxe4 11. Nxe4 Nf6 12. Nc3 Rb8 13. b3 b6 14. Bb2 Bb7 15. dxc5 Bxg2 16. Kxg2 dxc5 17. Qxd8 Rfxd8 18. Rad1 Kf8 19. Rxd8+ Rxd8 20. Rd1 Rxd1 21. Nxd1 Nd7 22. Bxg7+ Kxg7 23. Nc3 Kf6 24. f4 Ke6 25. Nb5 a5 26. e4 1-0

[Event "COL-ch (Women)"]
[Site "Pereira"]
[Date "2011.09.27"]
[Round "7"]
[White "Franco Valencia, Beatriz Irene"]
[Black "Suarez, Maria Alexandra"]
[Result "1-0"]
[WhiteElo "2176"]
[BlackElo "1963"]
[PlyCount "137"]
[EventDate "2011.09.23"]
[EventType "tourn"]
[EventRounds "11"]
[EventCountry "COL"]
[SourceTitle "CBM 144 Extra"]
[Source "ChessBase"]
[SourceDate "2011.10.28"]
[SourceVersion "1"]
[SourceVersionDate "2011.10.28"]
[SourceQuality "1"]

1. d4 Nf6 2. g3 e6 3. Bg2 d5 4. Nf3 b5 5. b3 Bb7 6. Bb2 Nbd7 7. 0-0 Be7 8. Ne5 Rb8 9. Qc1 0-0 10. c4 bxc4 11. bxc4 c5 12. Rd1 Qb6 13. Na3 Rfd8 14. Rb1 a6 15. h3 Qc7 16. cxd5 Bxd5 17. Bxd5 Nxd5 18. Nac4 cxd4 19. Bxd4 Rxb1 20. Qxb1 Nxe5 21. Nxe5 Bf6 22. Rc1 Rb8 23. Qa1 Qb7 24. Kh2 h6 25. Rd1 Rc8 26. Rd2 Qb4 27. Qd1 Bxe5 28. Bxe5 Qe4 29. Bb2 Rb8 30. Qc1 h5 31. f3 Qg6 32. Rd4 Rb4 33. e4 Rxd4 34. Bxd4 Nb4 35. a3 Nd3 36. Qe3 e5 37. Qxd3 exd4 38. Qxd4 Qe6 39. Qb2 Qc4 40. Kg2 Qd3 41. a4 Kh7 42. a5 g6 43. Kf2 Qd7 44. Qa2 Kg7 45. Qa1+ Kg8 46. g4 hxg4 47. hxg4 Qd2+ 48. Kg3 g5 49. Kh3 Qf2 50. Qd1 Kg7 51. Qd3 Qg1 52. Qc3+ Kg6 53. Qc6+ Kg7 54. Qb6 Qf1+ 55. Kg3 Qe1+ 56. Kg2 Qe2+ 57. Qf2 Qb5 58. Qd2 Qe5 59. Kf2 Qh2+ 60. Ke3 Qf4+ 61. Ke2 Qh2+ 62. Kd3 Qe5 63. Qc3 Kf6 64. Qc6+ Qe6 65. Qb6 Ke5 66. Qd4+ Kf4 67. Qe3+ Kg3 68. Qxg5 Qb3+ 69. Kd4 1-0

[Event "COL-ch (Women)"]
[Site "Pereira"]
[Date "2011.09.26"]
[Round "6"]
[White "Suarez, Maria Alexandra"]
[Black "Rodriguez Rueda, Paula Andrea"]
[Result "1/2-1/2"]
[WhiteElo "1963"]
[BlackElo "2183"]
[PlyCount "62"]
[EventDate "2011.09.23"]
[EventType "tourn"]
[EventRounds "11"]
[EventCountry "COL"]
[SourceTitle "CBM 144 Extra"]
[Source "ChessBase"]
[SourceDate "2011.10.28"]
[SourceVersion "1"]
[SourceVersionDate "2011.10.28"]
[SourceQuality "1"]

1. c4 Nf6 2. Nc3 e6 3. g3 d5 4. cxd5 Nxd5 5. Bg2 b6 6. Nf3 Bb7 7. 0-0 Be7 8. Nxd5 Bxd5 9. d4 0-0 10. b3 Nd7 11. Bb2 Nf6 12. Rc1 Rc8 13. Re1 Bb4 14. Nd2 Bxg2 15. Kxg2 c5 16. a3 Ba5 17. e4 cxd4 18. Rxc8 Qxc8 19. b4 Bxb4 20. axb4 e5 21. Qb3 Qb7 22. f3 Rc8 23. Rc1 Rxc1 24. Bxc1 h6 25. b5 a6 26. Ba3 Qa7 27. Nc4 Nd7 28. Nd6 Nf6 29. bxa6 Qxa6 30. Qxf7+ Kh8 31. Nf5 Qe2+ 1/2-1/2

[Event "COL-ch (Women)"]
[Site "Pereira"]
[Date "2011.09.25"]
[Round "4"]
[White "Suarez, Maria Alexandra"]
[Black "Mateus, Martha"]
[Result "0-1"]
[WhiteElo "1963"]
[BlackElo "2155"]
[PlyCount "92"]
[EventDate "2011.09.23"]
[EventType "tourn"]
[EventRounds "11"]
[EventCountry "COL"]
[SourceTitle "CBM 144 Extra"]
[Source "ChessBase"]
[SourceDate "2011.10.28"]
[SourceVersion "1"]
[SourceVersionDate "2011.10.28"]
[SourceQuality "1"]

1. c4 c5 2. Nc3 Nc6 3. g3 d6 4. Bg2 e5 5. e3 Nf6 6. Nge2 Be6 7. Nd5 Bxd5 8. cxd5 Nb4 9. Qb3 Qa5 10. 0-0 Rc8 11. a3 Qa6 12. f4 Nd3 13. fxe5 Nxe5 14. Nf4 Be7 15. d4 Ned7 16. Re1 0-0 17. Qd3 c4 18. Qc2 Bd8 19. Bd2 Ba5 20. Rac1 Bxd2 21. Qxd2 Rfe8 22. e4 b5 23. Re2 Qb6 24. Kh1 Re7 25. Rce1 Rce8 26. Qc3 h6 27. e5 dxe5 28. dxe5 Ng4 29. e6 Nf2+ 30. Rxf2 Qxf2 31. Rf1 Qb6 32. exd7 Rxd7 33. Rd1 Qd6 34. a4 a6 35. axb5 axb5 36. Bf3 Rde7 37. Kg2 Re3 38. Qd4 Rb3 39. Kf2 b4 40. Rd2 c3 41. bxc3 bxc3 42. Rc2 Qa3 43. Ne2 Qa1 44. Qc4 Rb1 45. Nxc3 Rg1 46. Re2 Qf1# 0-1

[Event "COL-ch U18 Girls"]
[Site "Bogota"]
[Date "2011.06.01"]
[Round "3.3"]
[White "Mercado, Luisa Fernanda"]
[Black "Suarez, Maria Alexandra"]
[Result "0-1"]
[WhiteElo "2054"]
[BlackElo "1969"]
[PlyCount "29"]
[EventDate "2011.05.31"]
[EventType "tourn"]
[EventRounds "9"]
[EventCountry "COL"]
[SourceTitle "EXT 2024"]
[Source "ChessBase"]
[SourceDate "2023.10.10"]
[SourceVersion "1"]
[SourceVersionDate "2023.10.10"]
[SourceQuality "1"]

1. e4 c5 2. Nf3 a6 3. c3 d5 4. exd5 Nf6 5. c4 e6 6. dxe6 Bxe6 7. d4 cxd4 8. Qxd4 Nc6 9. Qxd8+ Rxd8 10. a3 Bc5 11. b4 Bd4 12. Ra2 0-0 13. Be2 Rfe8 14. 0-0 b5 15. Nbd2 0-1

[Event "Central America-ch U16 Girls"]
[Site "Medellin"]
[Date "2010.12.13"]
[Round "7"]
[White "Chirivi Castiblanco, Angie Lizeth"]
[Black "Suarez, Maria Alexandra"]
[Result "1/2-1/2"]
[WhiteElo "1931"]
[BlackElo "1968"]
[PlyCount "50"]
[EventDate "2010.12.09"]
[EventType "swiss"]
[EventRounds "7"]
[EventCountry "COL"]
[SourceTitle "EXT 2013"]
[Source "ChessBase"]
[SourceDate "2012.11.22"]
[SourceVersion "1"]
[SourceVersionDate "2012.11.22"]
[SourceQuality "1"]

1. e4 e6 2. d4 d5 3. e5 c5 4. c3 Nc6 5. Nf3 Qb6 6. a3 Nh6 7. b4 cxd4 8. cxd4 Nf5 9. Bb2 Bd7 10. g4 Nfe7 11. h3 h5 12. g5 g6 13. Nbd2 Nf5 14. Nb3 a5 15. b5 Na7 16. a4 Bb4+ 17. Nfd2 Rc8 18. Be2 0-0 19. 0-0 Qd8 20. Nf3 Qe7 21. Qd3 Rc7 22. Rfc1 Rfc8 23. Qd1 Be8 24. Bf1 Kg7 25. Be2 Kg8 1/2-1/2

[Event "Medellin Nales Girls 31th"]
[Site "Medellin"]
[Date "2010.10.10"]
[Round "4.1"]
[White "Suarez, Maria Alexandra"]
[Black "Castro, Natalia Patricia"]
[Result "0-1"]
[WhiteElo "1970"]
[BlackElo "1997"]
[PlyCount "66"]
[EventDate "2010.10.10"]
[EventType "swiss"]
[EventRounds "5"]
[EventCountry "COL"]
[SourceTitle "EXT 2024"]
[Source "ChessBase"]
[SourceDate "2023.10.10"]
[SourceVersion "1"]
[SourceVersionDate "2023.10.10"]
[SourceQuality "1"]

1. e4 c5 2. Nc3 Nc6 3. Bb5 Nd4 4. Nf3 Nxb5 5. Nxb5 g6 6. d4 Qa5+ 7. Nc3 Bg7 8. Be3 Nf6 9. 0-0 Ng4 10. Bf4 cxd4 11. Nxd4 d6 12. Nb3 Qd8 13. h3 Ne5 14. Qe2 Be6 15. Bxe5 Bxe5 16. Qb5+ Qd7 17. Qxd7+ Kxd7 18. f4 Bxc3 19. bxc3 Rac8 20. Rf3 Rc7 21. Re1 Rhc8 22. Ree3 Rc4 23. f5 gxf5 24. exf5 Bd5 25. Rg3 Ra4 26. Nc1 h5 27. Rg7 Ra3 28. Ne2 Bxa2 29. g4 hxg4 30. hxg4 Ra5 31. Rg3 Re5 32. Kf2 Rh8 33. Nf4 Rh2+ 0-1

[Event "COL-ch sf (Women)"]
[Site "Medellin"]
[Date "2010.06.09"]
[Round "5"]
[White "Echeverry, Maria Yesenia"]
[Black "Suarez, Maria Alexandra"]
[Result "0-1"]
[WhiteElo "1855"]
[BlackElo "1983"]
[PlyCount "42"]
[EventDate "2010.06.07"]
[EventType "swiss"]
[EventRounds "9"]
[EventCountry "COL"]
[SourceTitle "CBM 136 Extra"]
[Source "ChessBase"]
[SourceDate "2010.07.02"]
[SourceVersion "2"]
[SourceVersionDate "2010.07.15"]
[SourceQuality "1"]

1. d4 e6 2. c4 Nf6 3. Nc3 Bb4 4. a3 Bxc3+ 5. bxc3 Ne4 6. Qc2 f5 7. e3 b6 8. Nh3 0-0 9. f3 Nf6 10. Bd3 d6 11. 0-0 Nc6 12. e4 fxe4 13. fxe4 e5 14. Nf2 exd4 15. cxd4 Nxd4 16. Qc3 Nc6 17. Bb2 Ne5 18. Bc2 Ba6 19. Bb3 Kh8 20. a4 Nfd7 21. Nd3 Qh4 0-1

[Event "COL-ch U16 Girls"]
[Site "Bogota"]
[Date "2010.03.31"]
[Round "6.1"]
[White "Suarez, Maria Alexandra"]
[Black "Raigosa, Andrea"]
[Result "1-0"]
[WhiteElo "1969"]
[BlackElo "1887"]
[PlyCount "63"]
[EventDate "2010.03.29"]
[EventType "swiss"]
[EventRounds "8"]
[EventCountry "COL"]
[SourceTitle "EXT 2024"]
[Source "ChessBase"]
[SourceDate "2023.10.10"]
[SourceVersion "1"]
[SourceVersionDate "2023.10.10"]
[SourceQuality "1"]

1. g3 d5 2. Bg2 c5 3. c4 e6 4. Nf3 Nf6 5. 0-0 Nc6 6. b3 Be7 7. cxd5 Nxd5 8. Bb2 0-0 9. Nc3 Nxc3 10. dxc3 Qxd1 11. Rfxd1 Bf6 12. Nd2 g6 13. Ne4 Be7 14. Ba3 c4 15. Bxe7 Nxe7 16. bxc4 Rb8 17. Nc5 Nc6 18. Bxc6 bxc6 19. Rab1 Rb6 20. Rxb6 axb6 21. Na4 Ba6 22. Nxb6 Rb8 23. c5 Bxe2 24. Rd6 Bf3 25. a4 Rb7 26. a5 Ra7 27. Rd8+ Kg7 28. Ra8 Rc7 29. Kf1 Bd5 30. Ke2 Kf6 31. f3 Ke5 32. c4 1-0

[Event "COL-ch U18 Girls"]
[Site "Medellin"]
[Date "2009.12.??"]
[Round "5"]
[White "Castro, Natalia Patricia"]
[Black "Suarez, Maria Alexandra"]
[Result "1/2-1/2"]
[WhiteElo "1996"]
[BlackElo "1977"]
[PlyCount "46"]
[EventDate "2009.12.15"]
[EventType "swiss"]
[EventRounds "8"]
[EventCountry "COL"]
[SourceTitle "EXT 2024"]
[Source "ChessBase"]
[SourceDate "2023.10.10"]
[SourceVersion "1"]
[SourceVersionDate "2023.10.10"]
[SourceQuality "1"]

1. d4 e6 2. Nf3 Nf6 3. g3 d5 4. Bg2 b6 5. 0-0 Bb7 6. Ne5 Nbd7 7. c4 Be7 8. Qa4 c6 9. cxd5 cxd5 10. Nc3 0-0 11. Bf4 Nxe5 12. Bxe5 Nd7 13. e4 Nxe5 14. dxe5 dxe4 15. Nxe4 Bd5 16. Rac1 a6 17. Rfd1 b5 18. Qd4 Bxe4 19. Bxe4 Qxd4 20. Rxd4 Rad8 21. Rxd8 Rxd8 22. Rc7 Rd1+ 23. Kg2 Bd8 1/2-1/2

[Event "COL-ch U18 Girls"]
[Site "Medellin"]
[Date "2009.12.??"]
[Round "2"]
[White "Chavez, Diana Maria"]
[Black "Suarez, Maria Alexandra"]
[Result "1/2-1/2"]
[WhiteElo "1848"]
[BlackElo "1977"]
[PlyCount "29"]
[EventDate "2009.12.15"]
[EventType "swiss"]
[EventRounds "8"]
[EventCountry "COL"]
[SourceTitle "EXT 2024"]
[Source "ChessBase"]
[SourceDate "2023.10.10"]
[SourceVersion "1"]
[SourceVersionDate "2023.10.10"]
[SourceQuality "1"]

1. d4 e6 2. Nf3 Nf6 3. c4 b6 4. Bg5 Bb7 5. e3 Bb4+ 6. Nc3 h6 7. Bh4 d5 8. Qa4+ Nc6 9. Ne5 0-0 10. Nxc6 Bxc3+ 11. bxc3 Qd7 12. Bxf6 Bxc6 13. Qd1 gxf6 14. Qh5 Kg7 15. h4 1/2-1/2